LEADER 00949nam a2200217 4500 001 000000356294 003 CaOOAMICUS 005 20231130144700.0 008 231130s1883 it 000 u ita r 040 $aSeMil$bita 100 1 $aGiovannozzi, Giovanni <1860-1928>.$0(OLS)http://semarc/name/21480 245 13$aLa teoria atomica esposta agli studenti di liceo /$cdue lezioni del P. D. Giovanni Giovannozzi. 264 1$aFirenze :$bLibreria Chiesi,$c1883. 300 $a23 p. ;$c22 cm 850 $aSeMil 852 $aSeMil$W1$xVenegono$y1$m5B IV 8/22$j244868$B247466$CSeMilBibl$Z2$F247466 $8I 961 $aRecupero da Biblioteca Seminario liceale - Monza 961 $aEtichetta della Biblioteca del Seminario liceale di Monza 996 $6245$aLa teoria atomica esposta agli studenti di liceo$9(OLS)http://semarc/title/446554 996 $6264$aFirenze :$bLibreria Chiesi$9(OLS)http://semarc/publisher/36543 LEADER 01234nam a2200253 i 4500 001 000000225045 003 CaOOAMICUS 005 20131119000000.0 008 131119s1968 it u000 u fre u 013 $a203943 040 $aSeMil$bita 245 10$aVingt-cinq psaumes :$btraduction oecuménique, psautier liturgique. 260 $aParis :$bLes Éditions du Cerf,$c1968. 260 $aParis :$bLes Bergers et les Mages,$c1968. 300 $a93 p. ;$c20 cm. 490 0 $aCahiers de la Traduction oecuménique de la Bible ;$v2 650 4$aBibbia - Commentari, studi, critica, interpretazioni.$0(OLS)http://semarc/subject/783 650 4$aBibbia - Traduzioni francesi - Traduzione ecumenica.$0(OLS)http://semarc/subject/23543 830 0$aCahiers de la Traduction oecuménique de la Bible ;$v2.$0(OLS)http://semarc/title/39602 850 $aSeMil 852 $aSeMil$W1$xVenegono$y1$m2W I 255$j175391$B175391$CSeMilBibl$Z2$F185361 $81 996 $6245$aVingt-cinq psaumes :$btraduction oecuménique, psautier liturgique$9(OLS)http://semarc/title/322417 996 $6260$aParis :$bLes Bergers et les Mages$9(OLS)http://semarc/publisher/33049 996 $6260$aParis :$bLes Éditions du Cerf$9(OLS)http://semarc/publisher/29611